| 000 | 00560nam a2200241 a 4500 | ||
|---|---|---|---|
| 001 | nice12345678 | ||
| 003 | IN_TiNIC | ||
| 005 | 20260116011416.0 | ||
| 008 | 050524s1923 teha grp 000 0 per | ||
| 020 |
_a _c100 |
||
| 082 | 0 | 0 |
_a891.51 _bAHM |
| 100 | _aAhmed, Mulla | ||
| 245 | _aAl-Taqdees | ||
| 260 |
_aTehran _bNo Publisher _c1923 |
||
| 300 | _a300p | ||
| 500 | _aincludes index and biblioraphy | ||
| 505 | 2 | _aIndex | |
| 650 | _aPersian Poetry-Hairat Badayuni | ||
| 700 | 1 | _aAhmed, Mulla | |
| 902 | _bSRS | ||
| 942 | _cBK | ||
| 999 |
_c1272 _d1272 |
||